Normal view
MARC view
Entry Personal Name
001 - CONTROL NUMBER
- control field: 38231
003 - CONTROL NUMBER IDENTIFIER
- control field: OSt
005 - DATE AND TIME OF LATEST TRANSACTION
- control field: 20230515120838.0
008 - FIXED-LENGTH DATA ELEMENTS
- fixed length control field: 230515|| aca||aabn | a|a d
040 ## - CATALOGING SOURCE
- Original cataloging agency: OSt
- Transcribing agency: OSt
100 ## - HEADING--PERSONAL NAME
- Personal name: Fernee, Tadd Graham
670 ## - SOURCE DATA FOUND
- Source citation: Work cat.: (OSt)521972: Fernee, Tadd Graham , The Gandhian circle of moral consideration: The French revolutionary legacy reconstructed though the “weight of small things’
